| 000 | 00734nam a22002297a 4500 | ||
|---|---|---|---|
| 005 | 20170124105938.0 | ||
| 010 | _aB-159225 | ||
| 020 |
_c280.00 _a9788176295697 |
||
| 035 | _aB-159225 | ||
| 037 | _bCen Lib/Ret | ||
| 040 |
_aDPL _bEN |
||
| 082 |
_a332.1 _bSRE |
||
| 100 |
_a Sreekantaradhya, B. S. _910632 |
||
| 245 |
_aBanking and finance : _cby B. S. Sreekantaradhya _bperspectives on forms / |
||
| 260 |
_aNew Delhi _bDeep and Deep Publications _c2004 |
||
| 270 |
_bNew Delhi _aF-159, Rajouri Garden _e110027 |
||
| 300 |
_avii,177p. _c22cm(Hb) |
||
| 500 | _aIncludes bibliographical references and index | ||
| 650 |
_aBanks and banking _910633 |
||
| 650 |
_aFinance _910634 |
||
| 942 |
_2ddc _cEN _h332.1 _mSRE |
||
| 999 |
_c124399 _d124399 |
||